Educación, poder y biografía: diálogos con educadores críticos

Guardat en:
Dades bibliogràfiques
Autor principal: Torres, Carlos Alberto (Autor)
Format: Llibre
Idioma:espanyol
Publicat: Ciudad de México Siglo Veintiuno 2004
Edició:1a. ed
Col·lecció:Educación
Matèries:
Etiquetes: Afegir etiqueta
Sense etiquetes, Sigues el primer a etiquetar aquest registre!

MARC

LEADER 00000nam a2200000 a 4500
001 UCG1236
003 CL-VaPUC
008 100429e20040000MX |||||||||||||||||spa|d
020 |a 9789682325013 
082 0 4 |a 370.01  |b TOR  |2 21 
100 0 |a Torres, Carlos Alberto  |e author  |9 549051 
245 1 0 |a Educación, poder y biografía: diálogos con educadores críticos 
250 |a 1a. ed 
300 |a 301 p 
942 |c BK 
945 |d 20100429 00:00:00  |a rbrito 
260 |a Ciudad de México  |b Siglo Veintiuno  |c 2004 
650 0 |a Filosofía de la educación   |9 258384 
650 0 |a Biografías  |9 255210 
650 0 |a Entrevistas  |9 265537 
650 0 |a Educadores   |9 314091 
583 |a last modification  |c 20100429 00:00:00  |k Rodrigo Vera 
490 0 |a Educación 
999 |c 340644  |d 340642 
952 |0 0  |1 0  |4 0  |6 370_010000000000000_TOR_2004  |7 0  |8 A  |9 435552  |a BIBEDU  |b BIBEDU  |d 2019-11-22  |i 4666224  |o 370.01 TOR 2004  |p 4666224  |r 2019-11-22  |w 2019-11-22  |y BK  |k PSI